000 00583cam a22001814a 4500
005 20250605164034.0
008 250528s ||||||||||||||||||||||||d
035 _a16733
040 _aGR-AtMCL
_bgre
_dGR-AtMCL
_eAACR2
245 1 _aΣειρά Διηγήματων
260 _bΑθήνα,
_c1981
300 _a40
520 _aΗ Αλλαγή στη Ζωή του Καθένα, Η Αφίσσα, Τρία Στενά, Μια Μικρή Είδηση, Το Άλογο.
700 1 _aΑντωνιάδου Θαλεία
_92823
942 _cBK
999 _c2203
_d2203